Спечённый железотитановый сплав антифрикционного назначения; Современные проблемы машиностроения и приборостроения

Manylion Llyfryddiaeth
Parent link:Современные проблемы машиностроения и приборостроения.— 2003.— С. 23-25.
Prif Awdur: Мячин Ю. В. Юрий Владимирович
Awduron Eraill: Овечкин Б. Б. Борис Борисович, Слосман А. И. Аркадий Иосифович
Iaith:Rwseg
Cyhoeddwyd: 2003
Pynciau:
Fformat: Pennod Llyfr
KOHA link:https://koha.lib.tpu.ru/cgi-bin/koha/opac-detail.pl?biblionumber=102996

MARC

LEADER 00000naa2a2200000 4500
001 102996
005 20240123135448.0
035 |a (RuTPU)RU\TPU\book\111044 
090 |a 102996 
100 |a 20061010d2003 k y0rusy50 ca 
101 0 |a rus 
102 |a RU 
200 1 |a Спечённый железотитановый сплав антифрикционного назначения  |f Ю. В. Мячин, Б. Б. Овечкин, А. И. Слосман 
320 |a Библиогр.: 2 назв. 
463 0 |0 (RuTPU)RU\TPU\book\52825  |y 5-93629-140-5  |t Современные проблемы машиностроения и приборостроения  |o 1 Международная конференция, Томск, 24-28 сентября 2002 г.  |o Сборник трудов  |v С. 23-25.  |d 2003  |p 154 с. 
610 1 |a железотитановые сплавы 
610 1 |a спечение 
610 1 |a антифрикционные сплавы 
610 1 |a порошковая металлургия 
610 1 |a труды учёных ТПУ 
700 1 |a Мячин  |b Ю. В.  |c специалист в области материаловедения  |c ассистент кафедры Томского политехнического университета  |f 1976-  |g Юрий Владимирович  |3 (RuTPU)RU\TPU\pers\26545  |9 12234 
701 1 |a Овечкин  |b Б. Б.  |c специалист в области материаловедения  |c доцент Томского политехнического университета, кандидат технических наук  |f 1959-  |g Борис Борисович  |3 (RuTPU)RU\TPU\pers\25471 
701 1 |a Слосман  |b А. И.  |c специалист в области материаловедения  |c профессор Томского политехнического университета  |f 1940-  |g Аркадий Иосифович  |3 (RuTPU)RU\TPU\pers\30264 
801 1 |a RU  |b 63413507  |c 20061010  |g PSBO 
801 2 |a RU  |b 63413507  |c 20160203  |g RCR 
942 |c BK